000 00305nam a22001337a 4500
008 170526b xxu||||| |||| 00| 0 eng d
020 _a083691553
041 _aeng
080 _a621.38
100 _a25
101 _aIM
245 _a49 BATTERY POWERED ONE IC PROJECTS
_cHORN.D.T
942 _2udc
_cBK
999 _c14327
_d14327